INDIAN LEGAL AND CONSTITUTIONAL HISTORY (Record no. 24007)
[ view plain ]
| 000 -LEADER | |
|---|---|
| fixed length control field | 00344nam a22001457a 4500 |
| 003 - CONTROL NUMBER IDENTIFIER | |
| control field | SGT |
| 020 ## - INTERNATIONAL STANDARD BOOK NUMBER | |
| International Standard Book Number | 9789384852887 |
| 082 ## - DEWEY DECIMAL CLASSIFICATION NUMBER | |
| Classification number | 340.50954 |
| Item number | PAR |
| 100 ## - MAIN ENTRY--PERSONAL NAME | |
| Personal name | PARANJAPE N V |
| 245 ## - TITLE STATEMENT | |
| Title | INDIAN LEGAL AND CONSTITUTIONAL HISTORY |
| 250 ## - EDITION STATEMENT | |
| Edition statement | 8 |
| 260 ## - PUBLICATION, DISTRIBUTION, ETC. (IMPRINT) | |
| Place of publication, distribution, etc | FARIDABAD |
| Name of publisher, distributor, etc | CENTRAL LAW AGENCY |
| Year of Publication | 2023 |
| 300 ## - PAGE DESCRIPTION | |
| No. of Pages | XLIV , 579 |
| 942 ## - ADDED ENTRY ELEMENTS (KOHA) | |
| Source of classification or shelving scheme | Dewey Decimal Classification |
| Koha item type | Books |
| 942 ## - ADDED ENTRY ELEMENTS (KOHA) | |
| -- | 1 |
| Withdrawn status | Lost status | Source of classification or shelving scheme | Damaged status | Not for loan | Collection code | Home library | Current library | Shelving location | Date acquired | Vendor Name | Cost, normal purchase price | SGTU | Bill Number | Full call number | Accession No. (Barcode) | Date last seen | Bill Date | Koha item type | Total Checkouts | Date last borrowed |
|---|---|---|---|---|---|---|---|---|---|---|---|---|---|---|---|---|---|---|---|---|
| Dewey Decimal Classification | Not For Loan | LAW | SGT Science & Social Sciences Library | SGT Science & Social Sciences Library | Reference Book | 12/06/2023 | COMMERCIAL BOOK HOUSE | 560.00 | SGTU | 353 | 340.50954 PAR | FL3016 | 12/06/2023 | 19/05/2023 | Books | |||||
| Dewey Decimal Classification | LAW | SGT Science & Social Sciences Library | SGT Science & Social Sciences Library | Text Book | 12/06/2023 | COMMERCIAL BOOK HOUSE | 560.00 | SGTU | 353 | 340.50954 PAR | FL3017 | 10/08/2024 | 19/05/2023 | Books | 1 | 08/01/2024 | ||||
| Dewey Decimal Classification | LAW | SGT Science & Social Sciences Library | SGT Science & Social Sciences Library | Text Book | 12/06/2023 | COMMERCIAL BOOK HOUSE | 560.00 | SGTU | 353 | 340.50954 PAR | FL3018 | 12/06/2023 | 19/05/2023 | Books | ||||||
| Dewey Decimal Classification | LAW | SGT Science & Social Sciences Library | SGT Science & Social Sciences Library | Text Book | 12/06/2023 | COMMERCIAL BOOK HOUSE | 560.00 | SGTU | 353 | 340.50954 PAR | FL3019 | 12/06/2023 | 19/05/2023 | Books | ||||||
| Dewey Decimal Classification | LAW | SGT Science & Social Sciences Library | SGT Science & Social Sciences Library | Text Book | 12/06/2023 | COMMERCIAL BOOK HOUSE | 560.00 | SGTU | 353 | 340.50954 PAR | FL3020 | 12/06/2023 | 19/05/2023 | Books |